Určovanie vývoja fixných a variabilných nákladov záverečná práca postgraduálneho štúdia

Salvato in:
Dettagli Bibliografici
Autore principale: Števonka, Ján
Ente Autore: Vysoká škola ekonomická v Bratislave
Altri autori: Dančová, Eliška
Natura: Libro
Lingua:slovacco
Pubblicazione: Bratislava 1988
Tags: Aggiungi Tag
Nessun Tag, puoi essere il primo ad aggiungerne!!

MARC

LEADER 00000nam a2200000 4500
001 c039621
005 20221219092527.4
041 0 |a slo 
044 |a SK 
245 1 0 |a Určovanie vývoja fixných a variabilných nákladov  |b záverečná práca postgraduálneho štúdia  |c Ján Števonka ; ved. práce Eliška Dančová 
264 1 |a Bratislava  |c 1988 
300 |a 45 s. 
100 1 |a Števonka, Ján 
700 1 |a Dančová, Eliška 
710 2 |a Vysoká škola ekonomická v Bratislave